The gospel as public truth ; (Record no. 142820)

MARC details
000 -LEADER
fixed length control field 00645nam a22001937a 4500
005 - DATE AND TIME OF LATEST TRANSACTION
control field 20170725145611.0
010 ## - LCCN (DPL NO)
LC control number ENG-119380
020 ## - INTERNATIONAL STANDARD BOOK NUMBER
International Standard Book Number 9351480364
Terms of availability 180.00
035 ## - SYSTEM CONTROL NUMBER
System control number EN-102912
037 ## - SOURCE OF ACQUISITION
Source of stock number/acquisition DBAD/PUB
082 ## - DEWEY DECIMAL CLASSIFICATION NUMBER
Classification number 226.06
100 ## - MAIN ENTRY--PERSONAL NAME
Personal name George, Samuel
245 ## - TITLE STATEMENT
Title The gospel as public truth ;
Remainder of title an Indian multi-religious perspective on lesslie newbigin /
Statement of responsibility, etc by Samuel George
260 ## - PUBLICATION, DISTRIBUTION, ETC. (IMPRINT)
Place of publication, distribution, etc New Delhi
Name of publisher, distributor, etc Christian World Imprints
Date of publication, distribution, etc 2015
270 ## - ADDRESS
Address H-12 Bali Nagar
City New Delhi
Postal code 110015
300 ## - PHYSICAL DESCRIPTION
Extent xxiii,112p.
Dimensions 22cm (pbk)
500 ## - GENERAL NOTE
General note Include bibliographical reference and index
942 ## - ADDED ENTRY ELEMENTS (KOHA)
Source of classification or shelving scheme Dewey Decimal Classification
Item type English Books
Classification part 226.06
Call number suffix GEO
Holdings
Withdrawn status Lost status Not for loan Collection code Home library Current library Date acquired Source of acquisition Cost, normal purchase price Full call number Barcode Copy number Cost, replacement price Koha item type
    Not For Loan Non-fiction D.B.Act.Division Bawana 25/07/2017 DBAD/PUB 180.00 226.06 GEO EN-102912 1 180.00 English Books

© Delhi Public Library
Hit Counter
free hit counter